The Journal of World Intellectual Property

書誌詳細
フォーマット: 電子媒体 雑誌
言語:English
出版事項: Wiley
オンライン・アクセス:Full text available on Wiley[01/01/1997-30/01/2019]
Off-campus access
LEADER 00907cas a2200193 a 4500
001 AALejournalWiley000331
008 230103c9999 xx r poo 0 0eng d
022 |a 1422-2213 
022 |a 1747-1796 
040 |a BD-DhAAL  |c BD-DhAAL 
245 0 0 |h [electronic resource]  |a The Journal of World Intellectual Property 
260 2 |a Wiley 
300 |a 1 online resource 
500 |a <strong>Off-Campus Access:</strong> Athens ID and Password Required 
500 |a <strong>On-Campus Access:</strong> No User ID or Password Required 
506 |a Electronic access restricted to authorized BRAC University faculty, staff and students 
538 |a Mode of access: Internet 
856 4 0 |z Full text available on Wiley[01/01/1997-30/01/2019]  |u https://onlinelibrary.wiley.com/loi/17471796 
856 4 0 |z Off-campus access  |u https://go.openathens.net/redirector/bracu.ac.bd?url=https%3A%2F%2Fonlinelibrary.wiley.com%2Floi%2F17471796